000 01085nac a22002891i 4500
003 EG-ScBUE
005 20260312100013.0
008 260208t1954 caua f b 001 0 eng d
040 _aEG-ScBUE
_beng
_erda
_cEG-ScBUE
_dEG-ScBUE
082 0 4 _a552
_bWIL
_222
100 1 _aWilliams, Howel,
_d1898-1980,
_eauthor.
245 1 0 _aPetrography :
_ban introduction to the study of rocks in thin sections /
_cby Howel Williams, Francis J. Turner, and Charles M. Gilbert, University of California, Berkeley.
264 1 _aSan Francisco :
_bW. H. Freeman and Company,
_c[1954]
264 4 _cc1954
300 _ax, 406 pages :
_billustrations ;
_c24 cm
336 _2rdacontent
_atext
_btxt
337 _aunmediated
_2rdamedia
_bn
338 _avolume
_bnc
_2rdacarrier
504 _aIncludes bibliographical references and index.
650 7 _aPetrology.
_2BUEsh
650 7 _aThin sections (Geology)
_2BUEsh
655 _vReading book
700 1 _aTurner, Francis J.,
_eauthor.
700 1 _aGilbert, Charles M.,
_d1910-
_eauthor.
942 _cBB
_2ddc
999 _c1721
_d1721